| 000 | 00523nam a2200205 a 4500 | ||
|---|---|---|---|
| 005 | 20210219153328.0 | ||
| 008 | 991125n 000 0 u | ||
| 035 | _aUPN01000091407 | ||
| 100 | _aDowning, Jerry | ||
| 222 | _aSCHOOL COUNSELOR | ||
| 245 | _aparents' tough beat and the school counselor | ||
| 300 | _a91-97 | ||
| 362 | _a39, No. 2, 1991 | ||
| 505 | _aJunio 1992 | ||
| 653 | 0 | _aASESORAMIENTO | |
| 653 | 0 | _aCONSEJEROS ESCOLARES | |
| 700 | _aHarrison, Tom | ||
| 904 |
_aAC _b029218 |
||
| 905 | _aArticulo | ||
| 999 |
_c74015 _d74015 |
||